|
|
|
|
| LEADER |
00000cam a22000002c 4500 |
| 001 |
1840043962 |
| 003 |
DE-627 |
| 005 |
20250706104152.0 |
| 007 |
cr uuu---uuuuu |
| 008 |
230324s2016 xx |||||o 00| ||eng c |
| 024 |
7 |
|
|a 10.3886/ICPSR34926.v1
|2 doi
|
| 035 |
|
|
|a (DE-627)1840043962
|
| 035 |
|
|
|a (DE-599)KXP1840043962
|
| 040 |
|
|
|a DE-627
|b ger
|c DE-627
|e rda
|
| 041 |
|
|
|a eng
|
| 084 |
|
|
|a 2,1
|2 ssgn
|
| 100 |
1 |
|
|a Gies, Stephen
|e VerfasserIn
|4 aut
|
| 245 |
1 |
0 |
|a Evaluation of a Global Positioning System for Monitoring High-Risk Gang Offenders in California, 2006-2009
|
| 264 |
|
1 |
|a [Erscheinungsort nicht ermittelbar]
|b [Verlag nicht ermittelbar]
|c 2016
|
| 336 |
|
|
|a Text
|b txt
|2 rdacontent
|
| 337 |
|
|
|a Computermedien
|b c
|2 rdamedia
|
| 338 |
|
|
|a Online-Ressource
|b cr
|2 rdacarrier
|
| 520 |
|
|
|a These data are part of NACJD's Fast Track Release and are distributed as they there received from the data depositor. The files have been zipped by NACJD for release, but not checked or processed except of the removal of direct identifiers. Users should refer to the accompany readme file for a brief description of the files available with this collections and consult the investigator(s) if further information is needed.The purpose of this evaluation was to determine the effectiveness of the global positioning system (GPS) monitoring of high-risk gang offenders (HRGOs) who are placed on parole. The study focuses on HGROs who were released from prison and placed on parole supervision with GPS monitoring in six California jurisdictions between March 2006 and October 2009. A propensity score procedure was performed using a sample of offenders drawn from the same six communities who were not placed on GPS monitoring. The matching procedure resulted in a final sample of 784 subjects (392 treatment and 392 control). The study used six primary sources to collect data: 1)the California Department of Corrections and Rehabilitation (CDCR) data management system, 2) official arrest records, 3) parole supervision records, 4) GPS monitoring data, 5) a CDCR parole agent (PA) survey, and 6) CDCR cost information.
|
| 540 |
|
|
|a ICPSR Terms of Use
|
| 650 |
|
4 |
|a gang members
|
| 650 |
|
4 |
|a Gangs
|
| 650 |
|
4 |
|a Parole
|
| 650 |
|
4 |
|a parole violation
|
| 650 |
|
4 |
|a parolees
|
| 650 |
|
4 |
|a Recidivism
|
| 650 |
|
4 |
|a recidivists
|
| 655 |
|
7 |
|a Forschungsdaten
|0 (DE-588)1098579690
|0 (DE-627)857755366
|0 (DE-576)469182156
|2 gnd-content
|
| 787 |
0 |
8 |
|i Forschungsdaten zu
|a Gies, Stephen
|t GPS supervision in California: One technology, two contrasting goals
|d 2015
|w (DE-627)1912568802
|
| 787 |
0 |
8 |
|i Forschungsdaten zu
|a Gies, Stephen V.
|t Monitoring High-Risk Gang Offenders With GPS Technology: An Evaluation of the California Supervision Program Final Report
|d United States Department of Justice, Office of Justice Programs, National Institute of Justice; Development Services Group, 2013
|w (DE-627)1912625695
|
| 787 |
0 |
8 |
|i Forschungsdaten zu
|a Gies, Stephen V.
|t A tale of two studies: Lessons learned from GPS supervision in California corrections
|d 2015
|w (DE-627)1912721031
|
| 856 |
4 |
0 |
|u https://doi.org/10.3886/ICPSR34926.v1
|x Resolving-System
|z kostenfrei
|3 Volltext
|7 0
|
| 935 |
|
|
|a mkri
|
| 951 |
|
|
|a BO
|
| ELC |
|
|
|a 1
|
| LOK |
|
|
|0 000 xxxxxcx a22 zn 4500
|
| LOK |
|
|
|0 001 4296791273
|
| LOK |
|
|
|0 003 DE-627
|
| LOK |
|
|
|0 004 1840043962
|
| LOK |
|
|
|0 005 20230324125144
|
| LOK |
|
|
|0 008 230324||||||||||||||||ger|||||||
|
| LOK |
|
|
|0 035
|a (DE-2619)ICPSR34926
|
| LOK |
|
|
|0 040
|a DE-2619
|c DE-627
|d DE-2619
|
| LOK |
|
|
|0 092
|o n
|
| LOK |
|
|
|0 852
|a DE-2619
|
| LOK |
|
|
|0 852 1
|9 00
|
| LOK |
|
|
|0 935
|a foda
|a nacj
|
| LOK |
|
|
|0 939
|a 24-03-23
|b l01
|
| OAS |
|
|
|a 1
|
| ORI |
|
|
|a SA-MARC-krimdoka001.raw
|